|
|
แสดงรายละเอียดบรรณานุกรม |
|
|
Brief Record
: Get Marc (ISO 2709)
: E-mail record
: |
|
|
|
| LEADER 00000nam 2200000uu 4500 | |||
| 001 209759 | |||
| 003 ULIBM | |||
| 008 140508s2555||||th 000 0 tha d | |||
| 020 ^a9786163056443 | |||
| 041 0 ^atha^beng | |||
| 060 4 ^aWQ200 ค181 2555 | |||
| 245 00 ^aความก้าวหน้าทางเวชศาสตร์การเจริญพันธุ์/^bบรรณาธิการ,สุภักดี จุลวิจิตรพงษ์. | |||
| 250 ^aพิมพ์ครั้งที่ 1 | |||
| 260 ^aกรุงเทพฯ : ^bราชวิทยาลัยสูตินรีแพทย์แห่งประเทศไทย,^c2555. | |||
| 300 ^a470 หน้า ;^bภาพประกอบ. | |||
| 650 4 ^aนรีเวชวิทยา | |||
| 650 4 ^aภาวะเจริญพันธุ์ | |||
| 650 4 ^aโรคทางนรีเวช ^xการรักษา | |||
| 650 4 ^aอนามัยเจริญพันธุ์ | |||
| 700 0 ^aสุภักดี จุลวิจิตรพงษ์,^eบรรณาธิการ | |||
| 710 2 ^aราชวิทยาลัยสูตินรีแพทย์แห่งประเทศไทย | |||
| 999 ^aใช้งานได้ทุกระบบ | |||
| คุณยังไม่ได้ล็อกอิน คุณสามารถมีกิจกรรมร่วมกับเว็บไซต์ได้ แต่ต้องล็อกอินก่อน :: |
|
| สถานะ | |||||||||
| 1. | การพยาบาล (ตำราหลัก) | WQ200 ค181 2555 ฉ.5 | On Shelf ขอยืม | ||||||
| Note:งบประมาณปี 2558 | |||||||||
| 2. | การพยาบาล (ตำราหลัก) สถานะ=หนังสือเก่า - บริการ ณ ห้องสมุด (ห้องเหลือง) | WQ200 ค181 2555 ฉ.9 | On Shelf ขอยืม | ||||||
| Note:งบประมาณปี 2558 | |||||||||
| 3. | การพยาบาล (ตำราหลัก) สถานะ=หนังสือเก่า - บริการ ณ ห้องสมุด (ห้องเหลือง) | WQ200 ค181 2555 ฉ.10 | On Shelf ขอยืม | ||||||
| Note:งบประมาณปี 2558 | |||||||||
| 4. | การพยาบาล (ตำราหลัก) | WQ200 ค181 2555 ฉ.11 | On Shelf ขอยืม | ||||||
| Note:งบประมาณปี 2558 | |||||||||
| 5. | การพยาบาล (ตำราหลัก) สถานะ=หนังสือเก่า - บริการ ณ ห้องสมุด (ห้องเหลือง) | WQ200 ค181 2555 ฉ.12 | On Shelf ขอยืม | ||||||
| Note:งบประมาณปี 2558 | |||||||||
| 6. | การพยาบาล (ตำราหลัก) สถานะ=หนังสือเก่า - บริการ ณ ห้องสมุด (ห้องเหลือง) | WQ200 ค181 2555 ฉ.2 | On Shelf ขอยืม | ||||||
| Note:ปีงบประมาณ 2557 | |||||||||
| | |||||||||
BibComment |
| คอมเมนท์ทรัพยากรรายการนี้ |
|
|